000 00690nam a2200241Ia 4500
003 OSt
005 20220918225048.0
006 a|||||r|||| 00| 0
007 ta
008 220917b |||||||| |||| 00| 0 eng d
024 _a236,498
037 _cTextual
040 _aARTS
_cARTS
_beng
041 _2eng
_aeng
082 _aZ72, M7
100 _aTiruchelvam Neelan Ed.
_9149601
245 0 _aRole of the judiciary in plural societies
260 _aLondon
_bFrances Pinter UK
_c1987
650 _aLAW
_97240
700 _a Coomaraswamy Radhika Ed.
_9149602
942 _hZ72, M7
_cTEXL
_2CC
999 _c283299
_d283299